| 000 -LEADER |
| fixed length control field |
00459cam a22001217a 4500 |
| 008 - FIXED-LENGTH DATA ELEMENTS--GENERAL INFORMATION |
| fixed length control field |
180718b1969 xxu||||| |||| 00| 0 eng d |
| 082 ## - DEWEY DECIMAL CLASSIFICATION NUMBER |
| Classification number |
R706x71 C16/St/12 |
| 100 ## - MAIN ENTRY--PERSONAL NAME |
| Personal name |
Loubser, Jan J. |
| 245 ## - TITLE STATEMENT |
| Title |
Task force on labour relations, study no.12 Industrial conversion and workers attitudes to change in different industries |
| Statement of responsibility, etc. |
by Jan J. Loubser and Michael Fullan |
| 260 ## - PUBLICATION, DISTRIBUTION, ETC. |
| Place of publication, distribution, etc. |
Ottawa |
| Name of publisher, distributor, etc. |
Privy Council Office |
| Date of publication, distribution, etc. |
1969 |
| 300 ## - PHYSICAL DESCRIPTION |
| Extent |
xi, 270p |
| 700 ## - ADDED ENTRY--PERSONAL NAME |
| Personal name |
Fullan, Michael |